000 00328 a2200145 4500
001 169524
020 _a
040 _cMagnum
100 _aSergiovanni, Thomas J.
240 1 0 _aNovos padroes de supervisao escolar
_lpor
245 1 0 _aNovos padroes de supervisao escolar
362 0 _a1899
697 _aENSINO
942 _cBK
999 _c169524
_d169524